Cities that were Stops on the Orient Express - Statistics

General Stats
  • This quiz has been taken 759 times
    728 since last reset
  • The average score is 12 of 17
Answer Stats
City % Correct
Paris
97%
Istanbul
92%
Vienna
90%
Budapest
88%
London
88%
Bucharest
81%
Munich
80%
Belgrade
79%
Sofia
78%
Zurich
78%
Milan
77%
Athens
75%
Venice
63%
Calais
55%
Strasbourg
51%
Innsbruck
36%
Lausanne
20%
No matching quizzes found
Score Distribution
Percent of People with Each Score
Percentile by Number Answered
Your Score History
You have not taken this quiz since the last reset